000 00237nam a22000857a 4500
008 161130b xxu||||| |||| 00| 0 eng d
100 _91604
_aBhaskaran, M.P
245 _aReader- Teacher's Edition Ist
260 _aNew Delhi
_bOrient Longman
_c2006
999 _c4319
_d4319